000 00993cam a2200205 a 4500
020 _a9789251066652
020 _a9251066655
040 _cDLC
082 0 0 _a338 FOO 2010 A078 Or.
245 1 0 _aSharing the Fish '06 :
_ballocation issues in fisheries management : 27 February-2 March 2006, Fremantle, Western Australia /
260 _aRome :
_bFood and Agriculture Organization of the United Nations,
_c2010.
300 _ax, 253 p. ;
_bill., map. ;
_c30 cm +
_e1 CD-ROM (4 3/4 in.)
490 1 _aFAO fisheries and aquaculture proceedings,
500 _aAccompanied by a CD-ROM containing the papers from the concurrent sessions which delved further into each of these allocation topics as shown in the Conference Programme section and mentioned in the Summary Report and Conclusions section.
650 0 _aFishery management, International
650 0 _aFishery policy
700 1 _aMetzner, Rebecca.
710 2 _aFood and Agriculture Organization of the United Nations.
942 _cEK
999 _c15897
_d15897